00501 a2200157 450000500170000000800410001702000150005804000430007304100080011610000210012424500490014525000100019426000560020430000400026049000430030020240919110702.0131023s2001 sp a a |||| 00| 0 spa d a8424131886 aCO-BoUCMbspacJose A. Gerenad[Nuevo]00aspa1 aMonreal, Violeta10a¿Por qué estás triste?cVioleta Monreal a4a Ed c2001bEverestgLeón (Castilla y León, España) a35 páginasbilustraciones a color aMontaña encantadaaPrimeros lectores